Statistiques concernant Culture Générale - Série 1564

Cliquez ici pour prendre le quiz!

Statistiques générales

  • Ce quiz a été pris 149 fois
  • Le résultat moyen est 7 sur 10

Statistiques - réponses

QuestionRéponse% Correct
A quelle boisson se rapporte l'adjectif "lacté" ?lait
99%
Autrefois, les vagabonds qui vivaient dans la pauvreté étaient appelés des va-nu...pieds
97%
Quelle pantoufle confortable, souvent à carreaux, tient son nom de la région de la Charente ?charentaise
93%
Quel grand chanteur français a composé et interprété "Le Gorille" en 1952 ?Georges Brassens
84%
Quelle course cycliste, créée en 1896, se déroule en partie sur des pavés ?Paris-Roubaix
78%
Dans quelle ville du Canada s'est tenue l'Exposition universelle de 1967 ?Montréal
71%
Quelle pâtisserie rimant avec gruyère est constituée de pâte à choux additionnée de fromage râpé ?gougère
61%
Quel roi de France, fils de Charles d'Orléans et de Marie de Clèves, était surnommé le "Père du peuple" ?Louis XII
57%
Quelle ville de Lombardie, sur le Pô, est renommée pour la fabrication de violons et a vu naître le compositeur Monteverdi ?Crémone
15%
Quel personnage d'“Andromaque” de Racine s'interroge ainsi : “Pour qui sont ces serpents qui sifflent sur vos têtes ?”Oreste
8%

Distribution des résultats

Percentile par nombre de réponses

% des personnes avec chaque résultat

Votre développement - résultats

Vous n’avez pas pris ce quiz